• 首页
  • 本馆介绍
  • 公告通知
  • 最新文献
  • 馆藏检索
  • 电子资源
  • 读者导购
  • 参考咨询
  • 我的图书馆
  • 登录
  • 详细信息显示
  • 放入我的书架
  • 预约/预借图书
  • 作者相关作品
  • 分类相关作品
  • 丛书相关作品
  • 出版社相关作品

书目信息

  • 表格格式
  • 工作单格式
  • 卡片格式
题名:
明斯克号出击
    
 
作者: 久留岛龙夫 著 ;星灿 译
分册:  
出版信息: 北京   新华出版社  1979
页数: 279页
开本: 19cm
丛书名:
单 册:
中图分类: I313.4 , E313
科图分类:
主题词: 长篇小说--日本--现代 , 军事
电子资源:
ISBN:
000 00766nam0 2200253 45
001 1554287263
005 20150118150506.04
010    @dCNY1.05
100    @a19960217d1979 em y0chiy0121 ea
101 1  @achi@cjpn
102    @aCN@b110000
105    @ay z 000ay
200 10 @a明斯克号出击@Aming si ke hao chu ji@e第三次世界大战·日本篇续篇@f(日)久留岛龙夫著@g星灿译
210    @a北京@c新华出版社@d1979
215    @a279页@d19cm
517 1  @a第三次世界大战·日本篇续篇@Adi san ci shi jie da zhan·ri ben pian xu pian
606    @a长篇小说@y日本@z现代
606 0  @a军事
690    @aI313.4@v3
690    @aE313@v4
701  0 @a久留岛龙夫@Ajiu liu dao long fu@4著
702  0 @a星灿@Axing can@4译
801  0 @aCN@bTSSF@c20060909
905    @a10447@dE313@eJY17
    
    明斯克号出击:第三次世界大战·日本篇续篇/(日)久留岛龙夫著/星灿译.-北京:新华出版社,1979
    279页;19cm
    
    
    ISBN :CNY1.05
    
●
相关链接 在E读中查询图书 在五车中查询图书 在当当中查询图书 在豆瓣中查询图书


正题名:明斯克号出击     索取号:E313/JY17         预约/预借

序号 登录号 条形码 馆藏地/架位号 状态 备注
1 7835723   278357234   学院路分馆/ [索取号:E313/JY17] 在馆    
唐山师范学院图书馆 欢迎您!
大连网信软件有限公司© 版权所有